AFL Grand Final first goal kickers since 2000 - Statistics

General Stats
  • This quiz has been taken 148 times
    18 since last reset
  • The average score is 7 of 27
Answer Stats
Hint Answer % Correct
2023 (Collingwood) Nick Daicos
69%
2019 (GWS) Jeremy Cameron
63%
2025 (Geelong) Oliver Dempsey
63%
2022 (Geelong) Tom Hawkins
50%
2021 (Melbourne) Christian Petracca
44%
2014 (Sydney) Josh Kennedy
44%
2011 (Geelong) Travis Varcoe
44%
2018 (Collingwood) Travis Varcoe
44%
2001 (Brisbane) Alistair Lynch
38%
2003 (Brisbane) Alistair Lynch
38%
2013 (Hawthorn) Jack Gunston
31%
2016 (Sydney) Luke Parker
31%
2000 (Essendon) James Hird
25%
2017 (Adelaide) Rory Sloane
25%
2002 (Collingwood) Anthony Rocca
19%
2007 (Geelong) Cameron Mooney
19%
2024 (Sydney) Will Hayward
19%
2020 (Richmond) Dion Prestia
13%
2015 (WCE) Luke Shuey
13%
2006 (WCE) Ashley Hansen
6%
2010 (Collingwood) Darren Jolly
6%
2008 (Geelong) Tom Lonergan
6%
2004 (Port Adelaide) Josh Carr
0%
2005 (WCE) Mark Nicoski
0%
2009 (Geelong) Max Rooke
0%
2010 (replay) (Collingwood) Tyson Goldsack
0%
2012 (Hawthorn) Xavier Ellis
0%
No matching quizzes found
Score Distribution
Percent of People with Each Score
Percentile by Number Answered
Your Score History
You have not taken this quiz since the last reset